<?xml version="1.0" encoding="UTF-8"?>
<record
    xmlns:xsi="http://www.w3.org/2001/XMLSchema-instance"
    xsi:schemaLocation="http://www.loc.gov/MARC21/slim http://www.loc.gov/standards/marcxml/schema/MARC21slim.xsd"
    xmlns="http://www.loc.gov/MARC21/slim">

  <leader>01207nkm a22002057a 4500</leader>
  <controlfield tag="001">85868</controlfield>
  <controlfield tag="005">20260430134722.0</controlfield>
  <controlfield tag="007">kh bo </controlfield>
  <controlfield tag="008">260430s1900    sp ||||| |||| |0| i|spa d</controlfield>
  <datafield tag="040" ind1=" " ind2=" ">
    <subfield code="a">M-RABA</subfield>
    <subfield code="b">spa</subfield>
    <subfield code="c">M-RABA</subfield>
  </datafield>
  <datafield tag="245" ind1="0" ind2="1">
    <subfield code="a">[Pintura espa&#xF1;ola S.XVII</subfield>
    <subfield code="b">: Her&#xE1;clito de &#xC9;feso]</subfield>
    <subfield code="h">[Material gr&#xE1;fico]</subfield>
  </datafield>
  <datafield tag="260" ind1=" " ind2=" ">
    <subfield code="c">[ca.1900]</subfield>
  </datafield>
  <datafield tag="300" ind1=" " ind2=" ">
    <subfield code="a">1 fotograf&#xED;a</subfield>
    <subfield code="b">: reproducci&#xF3;n fotomec&#xE1;nica</subfield>
    <subfield code="c">, imagen 22 x 29 cm</subfield>
  </datafield>
  <datafield tag="500" ind1="0" ind2="0">
    <subfield code="a">Fotograf&#xED;a de una pintura que representa al fil&#xF3;sofo Her&#xE1;clito de &#xC9;feso del pintor Luca Giordano.</subfield>
  </datafield>
  <datafield tag="500" ind1="0" ind2="0">
    <subfield code="a">La fotograf&#xED;a se encuentra en un estado de conservaci&#xF3;n regular debido seguramente a un mal almacenamiento. Presenta varias dobleces que se marcan a lo largo de todo el per&#xED;metro de la imagen y un desgarro en la esquina inferior izquierda que se encuentra sin consolidar. Tambi&#xE9;n presenta un peque&#xF1;o agujero en la parte central superior lo que indica que fue colgada con un objeto punzante. </subfield>
  </datafield>
  <datafield tag="655" ind1=" " ind2="7">
    <subfield code="a">Fotograf&#xED;as de obras de arte</subfield>
    <subfield code="9">75675</subfield>
  </datafield>
  <datafield tag="852" ind1=" " ind2=" ">
    <subfield code="j">Fot-845</subfield>
  </datafield>
  <datafield tag="856" ind1=" " ind2=" ">
    <subfield code="u">https://archivoybiblioteca.realacademiabellasartessanfernando.com/cgi-bin/koha/opac-retrieve-file.pl?id=d372f720f5e2a5a0a470e3e4284ac440</subfield>
    <subfield code="y">Fot-845</subfield>
  </datafield>
  <datafield tag="942" ind1=" " ind2=" ">
    <subfield code="c">FOTOGRAF&#xCD;A</subfield>
    <subfield code="n">0</subfield>
  </datafield>
  <datafield tag="952" ind1=" " ind2=" ">
    <subfield code="0">0</subfield>
    <subfield code="1">0</subfield>
    <subfield code="2">ddc</subfield>
    <subfield code="4">0</subfield>
    <subfield code="7">0</subfield>
    <subfield code="8">FOTOGRAFIA</subfield>
    <subfield code="a">RABASF</subfield>
    <subfield code="b">RABASF</subfield>
    <subfield code="c">DP2</subfield>
    <subfield code="d">2026-04-30</subfield>
    <subfield code="l">0</subfield>
    <subfield code="o">Fot-845</subfield>
    <subfield code="p">1097185</subfield>
    <subfield code="r">2026-04-30 13:47:43</subfield>
    <subfield code="w">2026-04-30</subfield>
    <subfield code="y">FOTOGRAF&#xCD;A</subfield>
  </datafield>
  <datafield tag="999" ind1=" " ind2=" ">
    <subfield code="c">85868</subfield>
    <subfield code="d">85868</subfield>
  </datafield>
</record>
